Hechos, no palabras-- / (Record no. 27455)

MARC details
000 -CABECERA
campo de control de longitud fija 00798nam a2200217 a 4500
005 - FECHA Y HORA DE LA ÚLTIMA TRANSACCIÓN
campo de control 20210223122008.0
008 - ELEMENTOS DE LONGITUD FIJA--INFORMACIÓN GENERAL
campo de control de longitud fija 991125s1985 mx 000 0 spa u
020 ## - NÚMERO INTERNACIONAL NORMALIZADO PARA LIBROS
Número Internacional Estándar del Libro 9688052922
035 ## - NÚMERO DE CONTROL DEL SISTEMA
Número de control de sistema UPN01000027455
049 ## - COLECCIÓN
Colección CG
050 #4 - SIGNATURA TOPOGRÁFICA DE LA BIBLIOTECA DEL CONGRESO
Número de clasificación F1234.5
Número de documento/Ítem M8.5
100 1# - ASIENTO PRINCIPAL--NOMBRE PERSONAL
Nombre de persona Múgica Velázquez, Francisco José,
Fechas asociadas al nombre 1884-1954
9 (RLIN) 24499
245 10 - MENCIÓN DE TÍTULO
Título Hechos, no palabras-- /
Mención de responsabilidad, etc. Francisco José Múgica.
260 ## - PUBLICACIÓN, DISTRIBUCIÓN, ETC.
Lugar de publicación, distribución, etc. México :
Nombre del editor, distribuidor, etc. INEHRM,
Fecha de publicación, distribución, etc. 1985.
300 ## - DESCRIPCIÓN FÍSICA
Extensión 2 v.
500 ## - NOTA GENERAL
Nota general Edición Facsimilar : Primera edición, 1918
500 ## - NOTA GENERAL
Nota general Comisión Nacional para las celebraciones del 175 aniversario de la Independencia Nacional y 75 aniversario de la Revolución Mexicana
600 14 - ASIENTO SECUNDARIO DE MATERIA - NOMBRE PERSONAL
Nombre de persona MUGICA VELAZQUEZ, FRANCISCO JOSE,
Fechas asociadas al nombre 1884-1954
9 (RLIN) 24499
651 #4 - ASIENTO SECUNDARIO DE MATERIA - NOMBRE GEOGRAFICO
Nombre geográfico MEXICO -
Subdivisión general HISTORIA -
Subdivisión de forma FUENTES
9 (RLIN) 9914
905 ## - TIPO DE MATERIAL
Tipo de material Libro
Holdings
Estado de retiro Estado de pérdida Fuente del sistema de clasificación o colocación Estado dañado No para préstamo Código de colección Localización permanente Ubicación/localización actual Ubicación en estantería Enumeración/cronología de publicación seriada Total de préstamos Clasificación Código de barras Fecha visto por última vez Número de copia Tipo de ítem Koha
    Library of Congress Classification     Colección General Bib. Gregorio Torres Quintero Bib. Gregorio Torres Quintero Planta baja v.2   F1234.5 M8.5 143015 31/12/2020 1 Libro
    Library of Congress Classification     Colección General Bib. Gregorio Torres Quintero Bib. Gregorio Torres Quintero Planta baja v.1 1 F1234.5 M8.5 143014 31/12/2020 1 Libro